000 00564nam a22001932 4500
001 0000001496
005 20170406113501.0
008 140114s xx 000 0 eng d
020 _c$
040 _aYour Holding Symbol
_cYour Holding Symbol
100 1 _aConference proceedings.
245 1 0 _aEnvironmental degradation as cause of conflic in Darfur.
250 _a ed.
260 _aAfrica :
_buniversity for peace,
_c206.
300 _a110 p. ;
_c cm.
504 _a bibliography.
650 0 _aafrican history peace.
908 _a140114
999 _c1409
_d1409